K problematice regionální politiky

Regionálna politika súčasťou hospodárskej politiky väčšiny vyspelých európskych krajín a Európskeho spoločenstva (ES). Počiatok po 2. svetovej vojne, v r.1972 vytvorený v rámci ES Európsky fond regionálneho rozvoja. Diskusia o potreba regionálnej politiky štátu. Konvergentná a divergentná škola názo...

Descripción completa

Guardado en:
Detalles Bibliográficos
Autor principal: Matoušková, Z.
Formato: Capítulo de libro
Lenguaje:checo
Materias:
Etiquetas: Agregar Etiqueta
Sin Etiquetas, Sea el primero en etiquetar este registro!

MARC

LEADER 00000naa a2200000 4500
001 r024938
005 20221213081639.7
041 0 |a cze 
044 |a CZ 
245 1 0 |a K problematice regionální politiky  |c Z. Matoušková 
520 |a Regionálna politika súčasťou hospodárskej politiky väčšiny vyspelých európskych krajín a Európskeho spoločenstva (ES). Počiatok po 2. svetovej vojne, v r.1972 vytvorený v rámci ES Európsky fond regionálneho rozvoja. Diskusia o potreba regionálnej politiky štátu. Konvergentná a divergentná škola názorov na komparatívne výhody regiónov (konvergencia) a ekonómiu rozsahu, aglomeračné úspory a dopravné náklady (divergencia). Empirické štúdie dvoch prúdov v závislosti na hospodárskom raste. Najnovšie poznatky. Regionálna politika ES a Česka. 
610 2 0 |a politika regionálna 
610 2 0 |a západná Európa 
610 2 0 |a Európske spoločenstvá 
610 2 0 |a štát 
610 2 0 |a trh 
610 2 0 |a rozvoj regionálny 
610 2 0 |a Európsky fond regionálneho rozvoja 
610 2 0 |a politika hospodárska 
610 2 0 |a rast hospodársky 
610 2 0 |a Česko 
610 2 0 |a ERDF 
100 1 |a Matoušková, Z.